000 01036nas a2200325 4500
001 BR8102163
003 BR-BrBNA
005 20231205084636.0
007 ta
008 230509b bl.|||p| |||| 00| 00por d
040 _aBR-BrBNA
_bpor
_cBiblioteca Nacional de Agricultura
041 _a(Pt)
072 _aF25; F22
100 1 _aPereira, J.E.
100 1 _aBraga, J.M.
100 1 _aPinto, O.C.B.
100 1 _aOliveira, L.M. de
245 1 _aSolubilidade de alguns calcarios e escorias de alto forno em quatro solventes quimicos [Brasil]
_bParte de tese
246 1 _a[Solubility of limestone and siderurgy dross in four chemical solvents [Brazil]]
_b[Part of thesis]
650 _aFertilidade do solo
650 _aQuimica do solo
650 _aCalcario
650 _aCorretivo
650 _aSolubilidade
650 _aSolo
650 _aAcidez
773 0 _tRevista Ceres (Brazil)
_xISSN 0034-737X
_g(1980), v. 27 (153) p. 486-501
_wBR8102163
909 _a202311
_bLúcia
_c55
_dLúcia Elande
942 _2AGRIS
_n0
_cANA
999 _c106411
_d106411